Statistiche per Riconosci lo stato dalla multinazionale

Clicka qui per fare il quiz!

Statistiche generali

  • Questo quiz è stato fatto 137 volte
  • Il punteggio medio è 16 su 18

Statistiche sulle risposte

MULTINAZIONALINAZIONE% Corretto
VolskwagenGermania
100%
AppleUsa/Stati Uniti
100%
ToyotaGiappone
97%
EnelItalia
97%
IkeaSvezia
97%
AlibabaCina
94%
SamsungCorea del Sud
93%
SantanderSpagna
92%
GazpromRussia
91%
Fly EmiratesEau/Emirati Arabi Uniti
87%
LegoDanimarca
82%
Red BullAustria
81%
TotalErgFrancia
81%
BPRegno Unito
80%
NestleSvizzera
80%
NokiaFinlandia
79%
ShellOlanda/Paesi Bassi
70%
PetrobrasBrasile
67%

Distribuzione punteggi

Percentile per numero di risposta

Percentuale di utenti per punteggio

I tuoi punteggi nel tempo

Non hai fatto questo quiz